[Event "ITA-ch U14"]
[Site "Cortina d'Ampezzo"]
[Date "2005.07.08"]
[Round "8"]
[White "Marando, Bruno Francesco"]
[Black "Soriente, Matteo"]
[Result "0-1"]
[WhiteElo "1440"]
[BlackElo "1506"]
[PlyCount "56"]
[EventDate "2005.07.03"]
[EventType "swiss"]
[EventRounds "9"]
[EventCountry "ITA"]
[SourceTitle "EXT 2024"]
[Source "ChessBase"]
[SourceDate "2023.10.10"]
[SourceVersion "1"]
[SourceVersionDate "2023.10.10"]
[SourceQuality "1"]

1. e4 c5 2. Nf3 d6 3. d4 cxd4 4. Nxd4 Nf6 5. Nc3 e6 6. f4 a6 7. e5 dxe5 8. fxe5 Nd5 9. Nxd5 Qxd5 10. Bf4 Be7 11. Nf3 Qxd1+ 12. Rxd1 0-0 13. Bc4 b5 14. Bb3 Bb7 15. Rd3 Be4 16. Rc3 Bb4 17. 0-0 Bxc3 18. bxc3 Nc6 19. Ng5 Bf5 20. h3 Na5 21. Rd1 Nxb3 22. cxb3 h6 23. Nf3 Rfd8 24. Nd4 Rac8 25. Rc1 b4 26. Bd2 bxc3 27. Bxc3 Rxd4 28. g4 Be4 0-1

[Event "ITA-ch U14"]
[Site "Cortina d'Ampezzo"]
[Date "2005.07.08"]
[Round "7"]
[White "Pinto, Andrea"]
[Black "Marando, Bruno Francesco"]
[Result "1-0"]
[WhiteElo "1500"]
[BlackElo "1440"]
[PlyCount "45"]
[EventDate "2005.07.03"]
[EventType "swiss"]
[EventRounds "9"]
[EventCountry "ITA"]
[SourceTitle "EXT 2024"]
[Source "ChessBase"]
[SourceDate "2023.10.10"]
[SourceVersion "1"]
[SourceVersionDate "2023.10.10"]
[SourceQuality "1"]

1. d4 d5 2. c4 e6 3. Nf3 c5 4. e3 Nf6 5. Nc3 Nc6 6. Be2 Ne4 7. 0-0 Qf6 8. cxd5 Nxc3 9. bxc3 Ne7 10. Bb5+ Bd7 11. Bxd7+ Kxd7 12. Ne5+ Kd6 13. dxe6 fxe6 14. Qa4 Nc6 15. Nxc6 bxc6 16. Ba3 Kd7 17. Rab1 Rc8 18. Rb7+ Rc7 19. Rxc7+ Kxc7 20. Qxa7+ Kd8 21. Qb7 Bd6 22. Bxc5 Bc7 23. Qa8+ 1-0

[Event "ITA-ch U14"]
[Site "Cortina d'Ampezzo"]
[Date "2005.07.06"]
[Round "5"]
[White "Marando, Bruno Francesco"]
[Black "Paveglio, Mattia"]
[Result "0-1"]
[WhiteElo "1440"]
[BlackElo "1515"]
[PlyCount "101"]
[EventDate "2005.07.03"]
[EventType "swiss"]
[EventRounds "9"]
[EventCountry "ITA"]
[SourceTitle "EXT 2024"]
[Source "ChessBase"]
[SourceDate "2023.10.10"]
[SourceVersion "1"]
[SourceVersionDate "2023.10.10"]
[SourceQuality "1"]

1. e4 e5 2. Nf3 Nc6 3. Nc3 Nf6 4. d4 exd4 5. Nxd4 Bb4 6. Nxc6 bxc6 7. Bd3 0-0 8. 0-0 Bxc3 9. bxc3 d5 10. exd5 cxd5 11. Bg5 Qd6 12. Qf3 h6 13. Bxf6 Qxf6 14. Qxd5 Be6 15. Qe4 g6 16. Bc4 Bf5 17. Qd4 Qxd4 18. cxd4 Bxc2 19. Bb3 Bxb3 20. axb3 Rfd8 21. Rfd1 Kf8 22. g3 Rd7 23. Kg2 c6 24. h4 Rb8 25. Rac1 Rd6 26. Rc3 Rbd8 27. Rdc1 Rxd4 28. Rxc6 Rb4 29. Rc7 a5 30. Ra1 Rd5 31. Ra7 Rbb5 32. Kf3 Rxb3+ 33. Kg2 Rbb5 34. Rc1 Rdc5 35. Rd1 Rb2 36. Rdd7 Rf5 37. Rd8+ Kg7 38. Raa8 Rbxf2+ 39. Kh3 Ra2 40. Kg4 h5+ 41. Kh3 g5 42. hxg5 Rxg5 43. Rd7 Ra3 44. Raa7 Raxg3+ 45. Kh2 Rf3 46. Ra6 Rf4 47. Kh3 Rf6 48. Ra8 Rf3+ 49. Kh4 Rc5 50. Rb8 Rc4+ 51. Kg5 0-1